| 000 | 01030nam a22003135a 4500 | ||
|---|---|---|---|
| 001 | 58032 | ||
| 003 | CO-BoRNBP | ||
| 005 | 20260128221336.0 | ||
| 007 | ta | ||
| 008 | 151123s2015 uy a g 000 0dspa d | ||
| 020 | _a9789974707306 | ||
| 040 |
_aCO-BoBLA _bspa _cCO-BoBLA |
||
| 082 | _2Primera edición | ||
| 084 | _aC ERB | ||
| 245 | 1 | 0 |
_aCuentos para niños que crecen : _bvalores y actitudes para ser mejor / _cAlejandra Erbiti; ilustraciones Oscar Arcuri |
| 250 | _aPrimera edición | ||
| 264 |
_aMontevideo, Uruguay _bCírculo Latino Austral _c2015 |
||
| 300 |
_a200 páginas, _bilustraciones a color, tapa dura, _c34 cm |
||
| 336 |
_2rdacontent _atexto _btxt |
||
| 337 |
_2rdamedia _asin mediación _bn |
||
| 338 |
_2rdacarrier _avolumen _bnc |
||
| 650 |
_2LEMB _aLiteratura infantil _92746 |
||
| 650 |
_2LEMB _aCuentos infantiles |
||
| 650 |
_2LEMB _aCuentos clásicos |
||
| 700 |
_aErbit, Alejandra _eautora _968426 |
||
| 700 |
_aArcuri, Oscar _eilustraciones _968427 |
||
| 910 | _arechazado | ||
| 942 |
_2ddc _cBKLITI |
||
| 999 |
_c58032 _d58032 |
||